[Event "Nordkalottens Hurtigturnering-Gr1"]
[Site "Gilleleje, DEN"]
[Date "2022.11.06"]
[Round "1"]
[White "Aagaard, Jacob"]
[Black "Hove, Esben Kjems"]
[Result "1-0"]
[WhiteElo "2455"]
[BlackElo "2305"]

1.e4 c6 2.d4 d5 3.exd5 cxd5 4.Bd3 Nc6 5.c3 Nf6 6.Bf4 Bg4 7.Qb3 Na5 8.Qa4+ 
Bd7 9.Qc2 e6 10.Nf3 Be7 11.Nbd2 O-O 12.O-O Rc8 13.Rae1 b5 14.Ne5 b4 15.Re3
bxc3 16.bxc3 Nc6 17.Rh3 h6 18.Qd1 Re8 19.Qf3 Bf8 20.Qg3 Ne7 21.Rxh6 Ne4 
22.Bxe4 dxe4 23.Rh8+ 1-0

[Event "Nordkalottens Hurtigturnering-Gr1"]
[Site "Gilleleje, DEN"]
[Date "2022.11.06"]
[Round "1"]
[White "Sylvan, Jacob"]
[Black "Ejsing, Esben"]
[Result "1-0"]
[WhiteElo "2316"]
[BlackElo "2116"]

1.d4 Nf6 2.Nf3 e6 3.g3 b6 4.Bg2 Bb7 5.O-O Be7 6.c4 O-O 7.Nc3 c5 8.d5 exd5 
9.cxd5 d6 10.a4 Na6 11.e4 Nb4 12.Re1 Re8 13.h3 a6 14.Bf4 Nh5 15.Be3 g6 16.
e5 Ng7 17.g4 b5 18.axb5 axb5 19.Rxa8 Bxa8 20.Bf4 c4 21.exd6 Bf6 22.Ne5 
Bxe5 23.Rxe5 Nd3 24.Rxe8+ Nxe8 25.Bg3 b4 26.Nb5 Bb7 27.Qa1 Nf6 28.Nc7 Nd7 
29.Qa7 N7c5 30.Ne6 Qa8 31.Qxa8+ Bxa8 32.Nxc5 Nxc5 33.Be5 Kf8 34.Kf1 Ke8 
35.g5 Kd7 36.h4 Nd3 37.Bh3+ 1-0

[Event "Nordkalottens Hurtigturnering-Gr1"]
[Site "Gilleleje, DEN"]
[Date "2022.11.06"]
[Round "1"]
[White "Vasli, Aref"]
[Black "Nielsen, Frode Benedikt"]
[Result "1-0"]
[WhiteElo "2374"]
[BlackElo "1918"]

1.Nf3 d6 2.d4 f5 3.Nc3 Nc6 4.e4 Nf6 5.Bd3 fxe4 6.Nxe4 g6 7.Nxf6+ exf6 8.
O-O Bg7 9.Re1+ Kf7 10.c3 Re8 11.Qb3+ Kf8 12.Bf4 Bd7 13.Nh4 f5 14.Nf3 h6 
15.h4 b6 16.Rxe8+ Bxe8 17.Re1 Bf7 18.Qc2 Qf6 19.Qd2 Bd5 20.Bxh6 Bxf3 21.
Bg5 Qf7 22.gxf3 Re8 23.Rxe8+ Qxe8 24.Bb5 d5 25.Qf4 Qd7 26.Kg2 Kf7 27.Qe3 
Bf8 28.Qe2 Qd6 29.Qe3 Nd8 30.Qe8+ 1-0

[Event "Nordkalottens Hurtigturnering-Gr1"]
[Site "Gilleleje, DEN"]
[Date "2022.11.06"]
[Round "1"]
[White "Hector, Jonny"]
[Black "Hansen, Sune Berg"]
[Result "1-0"]
[WhiteElo "2447"]
[BlackElo "2532"]

1.d4 d5 2.Nc3 Nf6 3.Bg5 h6 4.Bxf6 exf6 5.e3 c6 6.Bd3 f5 7.Nge2 g6 8.Qd2 
Nd7 9.f3 Nf6 10.O-O-O Qa5 11.Kb1 Be7 12.h3 h5 13.Nf4 Bb4 14.g4 Bxc3 15.
bxc3 g5 16.Nxh5 Nxh5 17.gxh5 Rxh5 18.Rdg1 Be6 19.f4 f6 20.Be2 Rh6 21.fxg5 
fxg5 22.Rxg5 O-O-O 23.h4 c5 24.h5 Bf7 25.Ka1 Rdd6 26.Rb1 Rb6 27.Rgg1 Bxh5 
28.Rxb6 Rxb6 29.dxc5 Rh6 30.Rg8+ Kc7 31.Rg7+ Kc8 32.Qd3 Bg4 33.Bxg4 Rh1+ 
34.Kb2 1-0

[Event "Nordkalottens Hurtigturnering-Gr1"]
[Site "Gilleleje, DEN"]
[Date "2022.11.06"]
[Round "2"]
[White "Aagaard, Jacob"]
[Black "Sylvan, Jacob"]
[Result "1/2-1/2"]
[WhiteElo "2455"]
[BlackElo "2316"]

1.e4 c5 2.c3 g6 3.d4 cxd4 4.cxd4 d5 5.e5 f6 6.Nf3 Bg4 7.Qa4+ Nc6 8.Nbd2 
Nh6 9.Bb5 Bd7 10.exf6 exf6 11.O-O Nf5 12.Nb3 a6 13.Bxc6 Bxc6 14.Qa5 Qxa5 
15.Nxa5 Rc8 16.Bd2 b6 17.Nxc6 Rxc6 18.Rfc1 1/2-1/2

[Event "Nordkalottens Hurtigturnering-Gr1"]
[Site "Gilleleje, DEN"]
[Date "2022.11.06"]
[Round "2"]
[White "Ejsing, Esben"]
[Black "Vasli, Aref"]
[Result "0-1"]
[WhiteElo "2116"]
[BlackElo "2374"]

1.e4 e5 2.Nf3 Nc6 3.Bb5 a6 4.Ba4 Nf6 5.d3 b5 6.Bb3 Be7 7.c3 O-O 8.Nbd2 d6 
9.Nf1 Na5 10.Bc2 c5 11.Ng3 Re8 12.O-O Nc6 13.a3 h6 14.b4 Be6 15.Bb2 d5 16.
d4 exd4 17.cxd4 dxe4 18.Nxe4 cxb4 19.Qd3 Kf8 20.Rfe1 Bc4 21.Qd2 bxa3 22.
Rxa3 Bb4 23.Qf4 Bxe1 24.Nxe1 Nxd4 25.Re3 Nxe4 26.Bxe4 Ne2+ 27.Rxe2 Bxe2 
28.Qg3 Qg5 29.Qd6+ Kg8 30.h4 Rad8 31.Qd2 0-1

[Event "Nordkalottens Hurtigturnering-Gr1"]
[Site "Gilleleje, DEN"]
[Date "2022.11.06"]
[Round "2"]
[White "Nielsen, Frode Benedikt"]
[Black "Hector, Jonny"]
[Result "0-1"]
[WhiteElo "1918"]
[BlackElo "2447"]

1.c4 e5 2.e3 Nf6 3.b3 d5 4.Bb2 d4 5.exd4 exd4 6.d3 Bb4+ 7.Nd2 O-O 8.a3 Bc3
9.Qc2 Re8+ 10.Be2 Bxb2 11.Qxb2 Bf5 12.O-O-O c5 13.f3 Re3 14.Nf1 Re6 15.Ng3
Bg6 16.Nh3 b5 17.Nf4 Rb6 18.h4 bxc4 19.dxc4 Nc6 20.h5 Qb8 21.Nd5 Rxb3 0-1

[Event "Nordkalottens Hurtigturnering-Gr1"]
[Site "Gilleleje, DEN"]
[Date "2022.11.06"]
[Round "2"]
[White "Hove, Esben Kjems"]
[Black "Hansen, Sune Berg"]
[Result "1-0"]
[WhiteElo "2305"]
[BlackElo "2532"]

1.d4 Nf6 2.c4 g6 3.Nf3 Bg7 4.g3 O-O 5.Bg2 d6 6.O-O Nbd7 7.Nc3 e5 8.b3 Re8 
9.Bb2 e4 10.Ng5 e3 11.fxe3 Bh6 12.Nh3 Ng4 13.Rf3 Bxe3+ 14.Kh1 c6 15.Bc1 
Ndf6 16.Bxe3 Nxe3 17.Qd2 Qe7 18.Nf2 Bf5 19.Re1 h5 20.Bh3 Nfg4 21.Bg2 Nxf2+
22.Rxf2 h4 23.Nd1 hxg3 24.hxg3 Ng4 25.Rf3 Qf6 26.Nf2 Qh8+ 27.Kg1 Qh2+ 28.
Kf1 Re7 29.Qg5 Rae8 30.Nxg4 1-0

[Event "Nordkalottens Hurtigturnering-Gr1"]
[Site "Gilleleje, DEN"]
[Date "2022.11.06"]
[Round "3"]
[White "Vasli, Aref"]
[Black "Aagaard, Jacob"]
[Result "0-1"]
[WhiteElo "2374"]
[BlackElo "2455"]

1.e4 e5 2.Nf3 Nc6 3.Bb5 a6 4.Ba4 Nf6 5.O-O Be7 6.Re1 b5 7.Bb3 O-O 8.d3 d5 
9.Nc3 dxe4 10.Nxe4 Nxe4 11.dxe4 Bb7 12.Bd5 Qd6 13.Bd2 Bf6 14.Bc3 Rab8 15.
a3 Rfe8 16.Qe2 Nd4 17.Bxd4 exd4 18.Bxb7 Rxb7 19.e5 Qd5 20.Rad1 c5 21.c3 
Be7 22.cxd4 c4 23.Qe4 Rd8 24.e6 f6 25.Nh4 Qxe4 26.Rxe4 Rd5 27.g3 g6 28.Ng2
f5 29.Ne3 Rd6 30.Re5 Bf6 31.Rc5 Rxe6 32.a4 Rd6 33.axb5 axb5 34.Nd5 Bg7 35.
Kg2 Kf7 36.Kf3 Rdd7 37.h4 Bf8 0-1

[Event "Nordkalottens Hurtigturnering-Gr1"]
[Site "Gilleleje, DEN"]
[Date "2022.11.06"]
[Round "3"]
[White "Sylvan, Jacob"]
[Black "Hove, Esben Kjems"]
[Result "1/2-1/2"]
[WhiteElo "2316"]
[BlackElo "2305"]

1.e4 c6 2.d4 d5 3.e5 Bf5 4.Nf3 e6 5.Be2 Nd7 6.O-O Ne7 7.Nbd2 h6 8.Nb3 Qc7 
9.Bd2 Bh7 10.a4 Ng6 11.Rc1 Be7 12.Ne1 O-O 13.f4 f6 14.Nd3 fxe5 15.fxe5 
Rxf1+ 16.Bxf1 c5 17.c4 dxc4 18.Rxc4 b6 19.Qg4 Qc6 20.Nb4 Qxa4 21.Qxe6+ Kh8
22.Qc6 Qxc6 23.Nxc6 Bg8 24.Rc3 cxd4 25.Nxe7 dxc3 26.Nxg6+ Kh7 27.Bd3 Bxb3 
28.Bxc3 Nc5 29.Bf5 Kg8 30.h4 Be6 31.Bc2 a5 32.Nf4 Kf7 33.Ne2 Bb3 34.Bf5 g6
35.Bg4 Ne6 36.h5 gxh5 37.Bxh5+ Ke7 38.Ng3 Bc2 39.Bf3 Rg8 40.Nh5 Ng5 41.Bd5
Rd8 42.Nf6 Ne6 43.Bc4 Nc7 44.Ng8+ Kd7 45.Nxh6 Kc6 46.Nf7 Rd1+ 47.Kf2 b5 
48.Be2 Rd7 49.e6 Re7 50.Bf6 Rxe6 51.Nd8+ Kc5 52.Nxe6+ Nxe6 53.Be7+ Kc6 54.
Ke3 b4 55.g4 Bg6 56.g5 a4 57.Bc4 Nc7 58.Kd4 Nb5+ 59.Ke5 a3 60.bxa3 bxa3 
61.Kf6 Bb1 62.Bxb5+ Kxb5 63.Bxa3 Kc6 1/2-1/2

[Event "Nordkalottens Hurtigturnering-Gr1"]
[Site "Gilleleje, DEN"]
[Date "2022.11.06"]
[Round "3"]
[White "Hector, Jonny"]
[Black "Ejsing, Esben"]
[Result "1/2-1/2"]
[WhiteElo "2447"]
[BlackElo "2116"]

1.e4 c5 2.Nf3 e6 3.d4 cxd4 4.Nxd4 d6 5.Nc3 a6 6.g4 b5 7.Bg2 Bb7 8.O-O Nd7 
9.a4 b4 10.Na2 Ngf6 11.Re1 Nc5 12.Nxb4 Qb6 13.Nd5 exd5 14.exd5+ Kd7 15.a5 
Qb4 16.c3 Qc4 17.g5 Nxd5 18.Bf1 Ne3 19.Bxe3 Qd5 20.Qg4+ Ne6 21.f3 Be7 22.
c4 Qe5 23.f4 Qe4 24.Bg2 Qxg2+ 25.Qxg2 Bxg2 26.Kxg2 Rab8 27.Rab1 h6 28.h4 
hxg5 29.hxg5 Nxd4 30.Bxd4 Rh4 31.Be3 Rb3 32.Kg3 Rh8 33.Re2 Rc8 34.Rc1 d5 
35.Rd1 Rxc4 36.Rxd5+ Kc6 37.Rdd2 Bc5 38.Kf3 f5 39.Rd8 Kc7 40.Re8 Kd6 41.
Re5 g6 42.Re8 Kd7 43.Re5 Kd6 44.Kg2 Bxe3 45.R5xe3 Rxe3 46.Rxe3 Rxf4 47.Rb3
Rg4+ 48.Kf3 Rxg5 49.Rb6+ Kc5 50.Rxa6 Kb5 51.Ra8 Rg1 52.a6 Kb6 53.b4 g5 54.
a7 Kb7 55.Rf8 Kxa7 56.Rxf5 Kb6 57.b5 g4+ 58.Kf2 Rb1 59.Rg5 Rxb5 1/2-1/2

[Event "Nordkalottens Hurtigturnering-Gr1"]
[Site "Gilleleje, DEN"]
[Date "2022.11.06"]
[Round "3"]
[White "Hansen, Sune Berg"]
[Black "Nielsen, Frode Benedikt"]
[Result "1-0"]
[WhiteElo "2532"]
[BlackElo "1918"]

1.Nf3 d6 2.d4 f5 3.Bf4 g6 4.h4 Nf6 5.e3 Bg7 6.h5 Nxh5 7.Rxh5 gxh5 8.Ng5 c6
9.Qxh5+ Kd7 10.Bc4 Kc7 11.Nc3 b5 12.Be6 h6 13.Nf7 Qe8 14.Bxc8 Qxc8 15.Nxh8
Bxh8 16.Qxh6 e5 17.dxe5 dxe5 18.Bg3 Nd7 19.O-O-O Bf6 20.Rxd7+ Qxd7 21.Qxf6
Rd8 22.Qxe5+ Kb7 23.a3 a5 24.Qc5 Qd2+ 25.Kb1 Rh8 26.Qe7+ Ka6 27.Qd6 Qe1+ 
28.Ka2 Kb6 29.Qc7+ Kc5 30.Qa7+ Kc4 31.Qd4# 1-0

[Event "Nordkalottens Hurtigturnering-Gr1"]
[Site "Gilleleje, DEN"]
[Date "2022.11.06"]
[Round "4"]
[White "Aagaard, Jacob"]
[Black "Hector, Jonny"]
[Result "0-1"]
[WhiteElo "2455"]
[BlackElo "2447"]

1.c4 e5 2.Nc3 Bb4 3.Nd5 Ba5 4.b4 Bb6 5.Nxb6 axb6 6.e3 Nc6 7.Bb2 Qe7 8.a3 
Nf6 9.Qc2 d6 10.Nf3 Bg4 11.h3 Bxf3 12.gxf3 O-O 13.Rg1 Ne8 14.O-O-O g6 15.
f4 exf4 16.exf4 Qh4 17.Qc3 f6 18.f5 Qxf2 19.Bd3 g5 20.Be4 Ne5 21.d4 Qf4+ 
22.Qd2 Qxe4 23.dxe5 dxe5 24.Rg4 Qxf5 25.Qd5+ Kh8 26.Qxb7 Ng7 27.Qc6 Ne6 
28.Rg2 Rad8 29.Rgd2 Rxd2 30.Rxd2 Qxh3 31.a4 Qf1+ 32.Kc2 Qf5+ 33.Kb3 g4 34.
Ka2 Nf4 35.Qxc7 g3 36.Qxb6 g2 37.Qc5 Rc8 38.Qf2 Qg4 39.Qg1 Rxc4 40.Rd8+ 
Kg7 41.a5 Rxb4 42.Bc1 Qe2+ 43.Ka3 Qb5 44.Rd7+ Kf8 0-1

[Event "Nordkalottens Hurtigturnering-Gr1"]
[Site "Gilleleje, DEN"]
[Date "2022.11.06"]
[Round "4"]
[White "Sylvan, Jacob"]
[Black "Vasli, Aref"]
[Result "1-0"]
[WhiteElo "2316"]
[BlackElo "2374"]

1.e4 e5 2.Nf3 Nc6 3.Bb5 a6 4.Ba4 Nf6 5.O-O Be7 6.Re1 b5 7.Bb3 d6 8.c3 O-O 
9.h3 Bb7 10.d4 Re8 11.Nbd2 exd4 12.cxd4 Nd7 13.Nf1 Na5 14.Bc2 Bf6 15.Ng3 
g6 16.a4 c5 17.d5 Nc4 18.Rb1 Nde5 19.Nh2 Nb6 20.b3 bxa4 21.bxa4 a5 22.f4 
Bh4 23.Kf2 Ned7 24.Nf3 Ba6 25.Bb2 Nc4 26.Ba1 Bf6 27.e5 dxe5 28.f5 Nd6 29.
Kg1 Rb8 30.Rxb8 Qxb8 31.fxg6 hxg6 32.Qd2 e4 33.Bxf6 Nxf6 34.Ng5 Qb2 35.
Qxa5 Qxc2 36.Qxa6 Qd2 37.Rf1 Qxg5 38.Qxd6 Kg7 39.a5 c4 40.a6 c3 41.a7 Ra8 
42.Qc6 Rxa7 43.Qxc3 Ra4 44.d6 Rc4 45.Qxc4 Qxg3 46.Qd4 1-0

[Event "Nordkalottens Hurtigturnering-Gr1"]
[Site "Gilleleje, DEN"]
[Date "2022.11.06"]
[Round "4"]
[White "Ejsing, Esben"]
[Black "Hansen, Sune Berg"]
[Result "0-1"]
[WhiteElo "2116"]
[BlackElo "2532"]

1.Nf3 Nf6 2.g3 g6 3.Bg2 Bg7 4.d4 O-O 5.O-O d6 6.Re1 Nbd7 7.e4 e5 8.Nc3 Re8
9.a4 c6 10.b3 Qc7 11.Ba3 Bf8 12.Qd2 Rb8 13.a5 b5 14.axb6 axb6 15.d5 b5 16.
dxc6 Qxc6 17.Nd5 Bb7 18.Rad1 Nxd5 19.exd5 Qb6 20.Bb4 Nf6 21.Ng5 Rbc8 22.
Kh1 h6 23.Nh3 Bg7 24.f4 e4 25.f5 g5 26.Nxg5 hxg5 27.Qxg5 Rxc2 28.Bxe4 Rxe4
0-1

[Event "Nordkalottens Hurtigturnering-Gr1"]
[Site "Gilleleje, DEN"]
[Date "2022.11.06"]
[Round "4"]
[White "Hove, Esben Kjems"]
[Black "Nielsen, Frode Benedikt"]
[Result "1-0"]
[WhiteElo "2305"]
[BlackElo "1918"]

1.d4 f5 2.Nf3 Nf6 3.g3 e6 4.Bg2 d5 5.O-O c6 6.b3 Ne4 7.c4 Bd6 8.Ba3 O-O 9.
Bxd6 Qxd6 10.Qc2 Nd7 11.Nc3 Ndf6 12.Rad1 Bd7 13.Ne5 Be8 14.Na4 Nd7 15.f3 
Ng5 16.Nxd7 Qxd7 17.Qd2 Qe7 18.Qe3 b6 19.Nb2 h6 20.Nd3 Qd6 21.Nf4 Bf7 22.
Rc1 Rad8 23.c5 bxc5 24.Rxc5 Rb8 25.Rfc1 Rb6 26.a4 Rfb8 27.R1c3 Qd7 28.a5 
Rb5 29.Nd3 Rxc5 30.Nxc5 Qc7 31.Na6 Qc8 32.Nxb8 Qxb8 33.Rxc6 Qb4 34.Qc3 Qa3
35.Rc8+ Kh7 36.h4 Qa2 37.hxg5 Qb1+ 38.Kh2 hxg5 39.Qe3 f4 40.gxf4 Qe1 41.
Rc1 Qh4+ 42.Kg1 gxf4 43.Qf2 Qg5 44.Kf1 Bg6 45.Bh3 Qf6 46.Bg4 e5 47.Rc8 Bf5
48.Qh2+ Kg6 49.Qh5# 1-0

[Event "Nordkalottens Hurtigturnering-Gr1"]
[Site "Gilleleje, DEN"]
[Date "2022.11.06"]
[Round "5"]
[White "Hansen, Sune Berg"]
[Black "Aagaard, Jacob"]
[Result "1-0"]
[WhiteElo "2532"]
[BlackElo "2455"]

1.Nf3 d5 2.g3 Nf6 3.Bg2 c6 4.O-O Bg4 5.h3 Bh5 6.d4 e6 7.c4 Bd6 8.Qb3 Qc8 
9.Nc3 O-O 10.Nd2 Rd8 11.e4 dxe4 12.Ndxe4 Be7 13.Be3 Nbd7 14.Rac1 Nxe4 15.
Nxe4 a5 16.a4 Qc7 17.d5 exd5 18.cxd5 Bb4 19.Ng5 Nf8 20.dxc6 bxc6 21.Rxc6 
Qd7 22.Rfc1 Rab8 23.Rc7 Qe8 24.Bc6 Bd1 1-0

[Event "Nordkalottens Hurtigturnering-Gr1"]
[Site "Gilleleje, DEN"]
[Date "2022.11.06"]
[Round "5"]
[White "Hector, Jonny"]
[Black "Sylvan, Jacob"]
[Result "0-1"]
[WhiteElo "2447"]
[BlackElo "2316"]

1.e4 c5 2.Nf3 Nc6 3.Nc3 e5 4.Bc4 Be7 5.d3 Nf6 6.Ng5 O-O 7.h4 b5 8.Bxb5 Rb8
9.Bc4 Na5 10.Bd5 d6 11.a3 Bg4 12.f3 Bd7 13.g3 Nc6 14.Ba2 h6 15.Nh3 Nd4 16.
Nd5 Nh5 17.Nxe7+ Qxe7 18.Kf2 Be6 19.f4 Bxa2 20.Qxh5 Be6 21.f5 Nxc2 22.Bxh6
gxh6 23.Rac1 Rxb2 24.Qxh6 Nd4+ 25.Kf1 Nxf5 26.exf5 Bxf5 27.Nf2 Rfb8 28.g4 
Bg6 29.h5 Qf6 30.Qe3 Bxd3+ 31.Kg1 R8b3 32.g5 Qf5 33.Rh3 Ba6 34.Rf3 Qxf3 
0-1

[Event "Nordkalottens Hurtigturnering-Gr1"]
[Site "Gilleleje, DEN"]
[Date "2022.11.06"]
[Round "5"]
[White "Vasli, Aref"]
[Black "Hove, Esben Kjems"]
[Result "1-0"]
[WhiteElo "2374"]
[BlackElo "2305"]

1.Nf3 d5 2.g3 c6 3.Bg2 Nf6 4.O-O Bg4 5.d3 Nbd7 6.Nbd2 e5 7.e4 dxe4 8.dxe4 
Qc7 9.Qe1 Be7 10.h3 Bh5 11.Nh4 O-O 12.Nf5 Bc5 13.Nb3 Bb6 14.a4 a5 15.Be3 
Rfd8 16.Bxb6 Qxb6 17.Qc3 Bg6 18.Nd6 Qc7 19.Rfd1 Ne8 20.Nc4 b6 21.Rd2 f6 
22.Rad1 Nf8 23.Ne3 Ne6 24.h4 Rxd2 25.Rxd2 Rd8 26.Bh3 Bf7 27.Bxe6 Bxe6 28.
Rxd8 Qxd8 29.Qxc6 Bd7 30.Qd5+ Kf8 31.Nc4 Qc7 32.Nxb6 Qxb6 33.Qxd7 Qb4 34.
Qd5 Qxa4 35.Nxa5 Qxc2 36.Nc4 Qb3 37.Kg2 Ke7 38.h5 h6 39.f3 Qb4 40.Kh3 Nc7 
41.Qg8 Ne6 42.Ne3 Qb3 43.Nf5+ Kd7 44.Kg4 Qb6 45.Qf7+ Kc8 46.Nxg7 Ng5 47.
Qc4+ Kd7 48.Qd3+ Kc8 49.Qc2+ Kb8 50.f4 exf4 51.gxf4 Nf7 52.Kf5 Nd6+ 53.Kg6
f5 54.e5 Nb5+ 55.e6 Nd4 56.Qc4 Qd6 57.Kf7 Nc6 58.Nxf5 Nd8+ 59.Kf6 Qf8+ 60.
Ke5 Qh8+ 61.Ke4 Qxb2 62.e7 Qb1+ 63.Qd3 Qe1+ 64.Ne3 Qb4+ 65.Qd4 Qxe7+ 66.
Qe5+ Qc7 67.Kf5 Kc8 68.Qxc7+ Kxc7 69.Kg6 Kd6 70.Kxh6 Ne6 71.f5 Nf4 72.Kg5 
Nh3+ 73.Kf6 1-0

[Event "Nordkalottens Hurtigturnering-Gr1"]
[Site "Gilleleje, DEN"]
[Date "2022.11.06"]
[Round "5"]
[White "Nielsen, Frode Benedikt"]
[Black "Ejsing, Esben"]
[Result "0-1"]
[WhiteElo "1918"]
[BlackElo "2116"]

1.c4 Nf6 2.e3 b6 3.b3 Bb7 4.Nf3 d6 5.Bb2 e5 6.d4 exd4 7.Bxd4 Nbd7 8.Bd3 
Be7 9.O-O O-O 10.Nbd2 c5 11.Bb2 d5 12.cxd5 Nxd5 13.Rc1 Bf6 14.Nc4 Bxb2 15.
Nxb2 Qf6 16.Nc4 Rad8 17.Bb1 b5 18.Qc2 g6 19.Ncd2 Nb4 20.Qc3 Qd6 21.a3 Nd5 
22.Qb2 Rfe8 23.Rfd1 Qa6 24.Ng5 b4 25.axb4 cxb4 26.Nc4 Nc5 27.Rd4 Nc3 28.
Rxc3 Rxd4 29.Rc1 Rg4 30.Nh3 Bxg2 31.Ne5 Rxe5 32.Qxe5 Bxh3+ 33.Kh1 Qb7+ 34.
e4 Bg2+ 35.Kg1 Bxe4+ 36.Kf1 Bxb1 37.Qe8+ Kg7 38.Qe5+ f6 39.Qxc5 Qe4 40.
Qxa7+ Kh6 41.Qe3+ Qxe3 42.fxe3 Bd3+ 43.Kf2 Rg5 44.Rc6 Rf5+ 45.Kg3 Kg5 46.
Rb6 Rb5 47.Rd6 Be4 48.h4+ Kf5 49.Rd4 h5 50.Rc4 g5 51.Rd4 Ke5 52.Rc4 g4 53.
Rc8 Rd5 54.Rb8 Rd3 55.Rb5+ Bd5 56.Rxb4 Rxe3+ 57.Kf2 Rxb3 58.Ra4 f5 59.Ra7 
f4 60.Rg7 Rb2+ 61.Kg1 Ke4 62.Re7+ Kf3 63.Re1 Kg3 64.Rd1 Bf3 65.Ra1 Rh2 66.
Ra3 Rh1# 0-1

[Event "Nordkalottens Hurtigturnering-Gr1"]
[Site "Gilleleje, DEN"]
[Date "2022.11.06"]
[Round "6"]
[White "Aagaard, Jacob"]
[Black "Nielsen, Frode Benedikt"]
[Result "1-0"]
[WhiteElo "2455"]
[BlackElo "1918"]

1.e4 e5 2.Nf3 Nc6 3.Bb5 a6 4.Ba4 Nf6 5.O-O Nxe4 6.d4 b5 7.Bb3 d5 8.dxe5 
Be6 9.Be3 Bc5 10.Qe2 O-O 11.c3 Bg4 12.Rd1 Ne7 13.Bc2 Bxe3 14.Qxe3 Bxf3 15.
Qxf3 Ng5 16.Qg3 Ng6 17.f4 Ne6 18.f5 Ngf4 19.Re1 1-0

[Event "Nordkalottens Hurtigturnering-Gr1"]
[Site "Gilleleje, DEN"]
[Date "2022.11.06"]
[Round "6"]
[White "Sylvan, Jacob"]
[Black "Hansen, Sune Berg"]
[Result "0-1"]
[WhiteElo "2316"]
[BlackElo "2532"]

1.Nf3 Nf6 2.g3 b5 3.Bg2 Bb7 4.O-O c5 5.d4 cxd4 6.Qxd4 Nc6 7.Qh4 e6 8.c3 
Be7 9.Rd1 O-O 10.Nbd2 d5 11.Nb3 Ne4 12.Qh5 Rc8 13.Ne5 Nf6 14.Nxc6 Rxc6 15.
Qe5 Rc4 16.Qe3 a6 17.Qd3 Qc7 18.h3 e5 19.Be3 Rd8 20.a3 h6 21.Qd2 Bc8 22.
Qe1 Be6 23.Nd2 Rc6 24.Nf3 a5 25.Qd2 Bf5 26.Qe1 Qb8 27.Bd2 Bc5 28.Kh2 Ne4 
29.e3 Be7 30.Qe2 Nc5 31.Be1 Nb3 32.Ra2 a4 33.Kg1 Rc5 34.Nh2 Be6 35.Nf3 
Rcc8 36.Bf1 d4 37.exd4 exd4 38.cxd4 Nc1 0-1

[Event "Nordkalottens Hurtigturnering-Gr1"]
[Site "Gilleleje, DEN"]
[Date "2022.11.06"]
[Round "6"]
[White "Vasli, Aref"]
[Black "Hector, Jonny"]
[Result "1-0"]
[WhiteElo "2374"]
[BlackElo "2447"]

1.e4 e5 2.Nf3 Nc6 3.Bb5 a6 4.Ba4 Nf6 5.d3 Bc5 6.O-O d6 7.c3 Ba7 8.h3 h6 9.
d4 Bd7 10.Re1 g5 11.Bxc6 Bxc6 12.dxe5 dxe5 13.Qxd8+ Rxd8 14.Nxe5 Bxe4 15.
Nd2 O-O 16.Nxe4 Nxe4 17.Rxe4 Rd1+ 18.Kh2 Bxf2 19.Nf3 Rfd8 20.Re2 Rf1 21.
Bxg5 Rxa1 22.Bxd8 Bb6 23.Bf6 Kh7 24.a3 Kg6 25.Bd4 c5 26.Ne5+ Kh7 27.Bf2 
Bc7 28.Bg3 f5 29.Nd3 c4 30.Re7+ Kg6 31.Nf4+ Bxf4 32.Bxf4 Rf1 33.Kg3 h5 34.
h4 b5 35.Re6+ Kf7 36.Rxa6 Rb1 37.a4 Rxb2 38.axb5 Rxb5 39.Rc6 1-0

[Event "Nordkalottens Hurtigturnering-Gr1"]
[Site "Gilleleje, DEN"]
[Date "2022.11.06"]
[Round "6"]
[White "Hove, Esben Kjems"]
[Black "Ejsing, Esben"]
[Result "1-0"]
[WhiteElo "2305"]
[BlackElo "2116"]

1.d4 g6 2.Nf3 Bg7 3.g3 Nf6 4.Bg2 O-O 5.O-O d6 6.c4 Nc6 7.Nc3 e5 8.d5 Ne7 
9.e4 Ng4 10.h3 Nh6 11.Be3 f5 12.Qc1 Nf7 13.b4 fxe4 14.Nxe4 Nf5 15.Bd2 Nd4 
16.Nxd4 exd4 17.c5 Bf5 18.Ng5 Nxg5 19.Bxg5 Qe8 20.Qd2 Rf7 21.Rac1 Qb5 22.
g4 Bd7 23.cxd6 cxd6 24.Rc7 Re8 25.Re1 Rxe1+ 26.Qxe1 Be5 27.Qd2 d3 28.Be3 
a6 29.Be4 g5 30.Bxd3 Qa4 31.Rxb7 Bb5 32.Rb8+ Rf8 33.Bxh7+ 1-0

[Event "Nordkalottens Hurtigturnering-Gr1"]
[Site "Gilleleje, DEN"]
[Date "2022.11.06"]
[Round "7"]
[White "Ejsing, Esben"]
[Black "Aagaard, Jacob"]
[Result "0-1"]
[WhiteElo "2116"]
[BlackElo "2455"]

1.e4 c5 2.d3 Nc6 3.g3 e5 4.Bg2 Nge7 5.f4 exf4 6.Bxf4 d5 7.Nc3 Be6 8.Nf3 d4
9.Ne2 h6 10.O-O g5 11.Bd2 Ng6 12.c3 Bg7 13.b4 dxc3 14.Nxc3 Qxd3 15.Nd5 
O-O-O 16.Rc1 Qxe4 17.b5 Bxd5 18.bxc6 Bxc6 19.Kh1 Qd5 20.Rf2 Rhe8 21.Qf1 
Qd6 22.Ba5 b6 23.Qa6+ Kb8 24.Bxb6 axb6 25.Qxb6+ Bb7 26.Qb5 Qd3 27.Qb6 Rd6 
28.Qxc5 Rc8 0-1

[Event "Nordkalottens Hurtigturnering-Gr1"]
[Site "Gilleleje, DEN"]
[Date "2022.11.06"]
[Round "7"]
[White "Nielsen, Frode Benedikt"]
[Black "Sylvan, Jacob"]
[Result "0-1"]
[WhiteElo "1918"]
[BlackElo "2316"]

1.c4 g6 2.e3 Bg7 3.Nc3 Nf6 4.b3 O-O 5.Bb2 e5 6.Be2 d5 7.h4 d4 8.exd4 exd4 
9.Nb5 a6 10.Na3 d3 11.Bf3 Nc6 12.Bxc6 bxc6 13.Qf3 Bg4 14.Bxf6 Qe8+ 15.Qe3 
Bxf6 16.f3 Bxa1 17.fxg4 Qd7 18.Kd1 Rae8 19.Qf3 Qe7 20.Nh3 Qxa3 21.h5 Qxa2 
22.Qxd3 Rd8 23.Qc2 Qxc2+ 24.Kxc2 Bg7 25.Nf2 Rfe8 26.hxg6 hxg6 27.Nd3 Re2 
28.Rf1 Rxg2 29.Rf4 Bh6 30.Re4 Rxd2+ 0-1

[Event "Nordkalottens Hurtigturnering-Gr1"]
[Site "Gilleleje, DEN"]
[Date "2022.11.06"]
[Round "7"]
[White "Hansen, Sune Berg"]
[Black "Vasli, Aref"]
[Result "1-0"]
[WhiteElo "2532"]
[BlackElo "2374"]

1.Nf3 Nf6 2.g3 d5 3.Bg2 c6 4.O-O Bg4 5.h3 Bh5 6.d4 Nbd7 7.c4 e6 8.cxd5 
exd5 9.Ne5 Bg6 10.Nc3 Nxe5 11.dxe5 Ne4 12.Nxe4 dxe4 13.Be3 Be7 14.Qb3 Qc8 
15.e6 Qxe6 16.Qxb7 O-O 17.b3 a5 18.Rac1 Rfc8 19.Rc4 Rab8 20.Qa7 Ra8 21.Qd4
f5 22.Rfc1 Bf6 23.Qd2 h6 24.Bb6 Ra6 25.Bd4 Rd8 26.Qc3 Rxd4 27.Rxd4 Bxd4 
28.Qxd4 a4 29.e3 Kh7 30.Bf1 Ra8 31.Bc4 Qc8 32.Qd6 axb3 33.Bxb3 Ra6 34.Rc5 
Qe8 35.h4 Rb6 36.Kh2 Bf7 37.Re5 Qg8 38.Qc7 Rxb3 39.axb3 Bxb3 40.Qxc6 Qf7 
41.Qc5 Be6 42.Qd6 Bc8 43.Rc5 Qa2 44.Kg2 Be6 45.Qe5 Bf7 46.Qxf5+ Bg6 47.Qf4
Qe6 48.h5 Be8 49.Re5 Qc8 50.Qxe4+ 1-0

[Event "Nordkalottens Hurtigturnering-Gr1"]
[Site "Gilleleje, DEN"]
[Date "2022.11.06"]
[Round "7"]
[White "Hector, Jonny"]
[Black "Hove, Esben Kjems"]
[Result "1-0"]
[WhiteElo "2447"]
[BlackElo "2305"]

1.e4 c6 2.Nc3 d5 3.d4 dxe4 4.Nxe4 Bf5 5.Ng3 Bg6 6.h4 h6 7.Bd3 Bxd3 8.Qxd3 
e6 9.N1e2 Nf6 10.Bd2 Nbd7 11.O-O-O Be7 12.Kb1 O-O 13.Ne4 Nxe4 14.Qxe4 Nf6 
15.Qd3 Qd5 16.f3 c5 17.c4 Qd8 18.g4 Nd7 19.g5 h5 20.Bc3 Nb6 21.Nf4 cxd4 
22.Bxd4 e5 23.Bxb6 Qxb6 24.Nd5 Qc5 25.Rhe1 Bd8 26.Rxe5 Qf2 27.Re4 Rc8 28.
Rf1 Qh2 29.Rfe1 Rc6 30.a3 f6 31.Re8 1-0

[Event "Nordkalottens Hurtigturnering-Gr2"]
[Site "Gilleleje, DEN"]
[Date "2022.11.06"]
[Round "1"]
[White "Koch, Søren Andreas"]
[Black "Nielsen, Kai Gylling"]
[Result "1-0"]
[WhiteElo "2173"]
[BlackElo "1759"]

1.d4 Nf6 2.Nf3 d5 3.c4 c6 4.Nc3 g6 5.Bg5 Bg7 6.e3 O-O 7.Rc1 Nbd7 8.Qb3 e6 
9.Bd3 Qb6 10.Qa3 Re8 11.O-O e5 12.Na4 Qc7 13.dxe5 Nxe5 14.Nxe5 Qxe5 15.Bf4
Qe6 16.Rfd1 b6 17.cxd5 Nxd5 18.Bc4 Bb7 19.Nc3 Bxc3 20.Rxc3 Qe4 21.Bd3 Qe7 
22.Bd6 Qf6 23.Rc2 Red8 24.Bg3 c5 25.Rcd2 Nb4 26.Bf1 Rxd2 27.Rxd2 a5 28.Qb3
Rd8 29.Rxd8+ Qxd8 30.a3 Nc6 31.h3 h6 32.Bc4 Qe7 33.Qxb6 Nd8 34.Qxg6+ Kf8 
35.Qxh6+ Kg8 36.Bd6 Qe4 37.Qg5+ Kh7 38.Be5 Qg6 39.Bd3 Ne6 40.Qh4+ 1-0

[Event "Nordkalottens Hurtigturnering-Gr2"]
[Site "Gilleleje, DEN"]
[Date "2022.11.06"]
[Round "1"]
[White "Andersen, Peter Vestergaard"]
[Black "Sørensen, Esben Lauge"]
[Result "1/2-1/2"]
[WhiteElo "1766"]
[BlackElo "1941"]

1.e4 c5 2.Nf3 a6 3.c3 d5 4.exd5 Qxd5 5.d4 Nf6 6.Be2 e6 7.Be3 cxd4 8.Bxd4 
Be7 9.Bxf6 Qxd1+ 10.Bxd1 Bxf6 11.Nbd2 O-O 12.Ne4 Be7 13.O-O Nc6 14.Bc2 f5 
15.Ng3 Bd7 16.Rad1 Rad8 17.Rd2 Bc8 18.Rfd1 Rxd2 19.Rxd2 Rd8 20.Rxd8+ Bxd8 
21.Bb3 g6 22.Ne2 Na5 23.Ned4 Nxb3 24.Nxb3 Kf7 25.Ne5+ Kf6 26.Nc4 Bc7 27.h3
e5 28.Ne3 Ke6 29.Kf1 b5 30.Ke2 Bb6 31.f3 a5 32.Nd2 Ba6 33.Nc2 Kd5 34.b3 f4
35.Ne4 h6 36.Kd3 Ba7 37.Na3 Kc6 38.c4 1/2-1/2

[Event "Nordkalottens Hurtigturnering-Gr2"]
[Site "Gilleleje, DEN"]
[Date "2022.11.06"]
[Round "1"]
[White "Skovgaard, Ib"]
[Black "Knudsen, Jes Jacob West"]
[Result "1-0"]
[WhiteElo "1802"]
[BlackElo "1906"]

1.e4 d5 2.exd5 Nf6 3.Nc3 Nxd5 4.d4 Nxc3 5.bxc3 e5 6.Nf3 Bg4 7.Qe2 Be7 8.
Qxe5 O-O 9.Bd3 Bf6 10.Qe4 Re8 11.Ne5 Bd7 12.Qxh7+ Kf8 13.Ba3+ 1-0

[Event "Nordkalottens Hurtigturnering-Gr2"]
[Site "Gilleleje, DEN"]
[Date "2022.11.06"]
[Round "1"]
[White "Fischer, Bent Bolvinkel"]
[Black "Ramkilde, Mikael"]
[Result "0-1"]
[WhiteElo "1898"]
[BlackElo "1871"]

1.e4 d6 2.d4 Nf6 3.Nc3 g6 4.Be3 c6 5.a4 a5 6.h3 Qc7 7.Bc4 Bg7 8.Nf3 O-O 9.
O-O Nbd7 10.Qe2 e5 11.dxe5 dxe5 12.Rad1 b6 13.Rd2 Bb7 14.Rfd1 Nc5 15.Bxc5 
bxc5 16.b3 Bc8 17.Kh2 Nd7 18.Qe3 Nb6 19.Qxc5 Nxc4 20.Qxc4 Be6 21.Qc5 Rac8 
22.Rd3 Rfe8 23.Nb1 f6 24.Qe3 f5 25.Kh1 f4 26.Qe2 h6 27.Rd6 Bf8 28.R6d3 Qg7
29.R3d2 g5 30.Qa6 h5 31.Qxa5 Bf7 32.Rd7 g4 33.Nh4 f3 34.Nf5 Qg6 35.Nd6 
gxh3 36.g3 h4 37.Nxf7 hxg3 38.Nxe5 g2+ 39.Kh2 Qg5 40.Nxf3 Qxa5 41.R1d3 
Rxe4 42.Nd4 Qe5+ 0-1